عنوان الدراية فيمن عرف من العلماء فى المائة السابعة ببجاية
Main Author:
Format: Book
Language: Undetermined
Published:
Aljazayir :
almatbaeat althaealibia,
1910.
Subjects:
Tags: Add Tag
Call Number: DT229 .B7 G52 1910
| LEADER | 00564nam a2200157Ia 4500 | ||
|---|---|---|---|
| 008 | 240329s9999||||xx |||||||||||||| ||und|| | ||
| 050 | 4 | |a DT229 .B7 G52 1910 | |
| 100 | 1 | |a Abu Al-Abbas Ahmed bin Ahmed Al-Ghubrini. | |
| 245 | 1 | 0 | |a عنوان الدراية فيمن عرف من العلماء فى المائة السابعة ببجاية |c Abu Al-Abbas Ahmed bin Ahmed Al-Ghubrini |
| 264 | 1 | |a Aljazayir : |b almatbaeat althaealibia, |c 1910. | |
| 300 | |a 236,8 |c 24 | ||
| 500 | |a Arab Union Catalog | ||
| 500 | |a Arabic | ||
| 650 | |a Islamic law | ||
| 942 | |2 lcc |c BK | ||
| 999 | |c 57831 |d 57831 | ||
